[Event "Campeonato Estadual Absoluto do Rio de"]
[Site "TTC R Conde de Bomfim 451 Sal"]
[Date "2022.07.30"]
[Round "6.7"]
[White "Manzi, Luiz Antonio Bardar"]
[Black "Fernandes, Felipe Gambini"]
[Result "1/2-1/2"]
[WhiteElo "1992"]
[BlackElo "1792"]
[PlyCount "130"]
[EventDate "2022.07.23"]

1. Nf3 d5 2. g3 Nf6 3. Bg2 c5 4. O-O Nc6 5. d4 e6 6. c3 Be7 7. Nbd2 O-O 8. e3
Qc7 9. Re1 b6 10. a3 Bb7 11. b4 cxb4 12. cxb4 Rfc8 13. Bb2 a6 14. Rc1 Qd8 15.
Qb3 Na7 16. Ne5 Rxc1 17. Rxc1 Rc8 18. Rxc8 Qxc8 19. f4 Nc6 20. Qc3 Nxe5 21.
Qxc8+ Bxc8 22. dxe5 Nd7 23. Bd4 f6 24. Bh3 f5 25. Bf1 a5 26. bxa5 bxa5 27. a4
Bb4 28. Nb3 Kf7 29. Bb5 Ke7 30. Kf2 Kd8 31. Ke2 Kc7 32. Kd3 Kb7 33. h3 Kc7 34.
g4 g6 35. g5 Kb7 36. Kc2 Kc7 37. Nc1 Nc5 38. Na2 Ba3 39. Nc1 Bd7 40. Nd3 Nxd3
41. Kxd3 Bb4 42. Kc2 Bc6 43. Kb3 Kb7 44. Be2 Bd7 45. Bd1 Bc6 46. Kb2 Bd7 47.
Bb3 Kc6 48. Bd1 Bc5 49. h4 Bxd4+ 50. exd4 Kb6 51. h5 Be8 52. h6 Bd7 53. Kb3 Be8
54. Be2 Bc6 55. Bd3 Bd7 56. Bc2 Bc6 57. Bd1 Bd7 58. Kc3 Bc6 59. Kd3 Bd7 60. Ke3
Bc6 61. Kd3 Bd7 62. Kc3 Bc6 63. Bh5 Be8 64. Bd1 Bc6 65. Bh5 Be8 1/2-1/2

[Event "Campeonato Estadual Absoluto do Rio de"]
[Site "TTC R Conde de Bomfim 451 Sal"]
[Date "2022.07.30"]
[Round "6.8"]
[White "Rodrigues, Nei Jorge"]
[Black "Dias, Matheus Braga"]
[Result "1/2-1/2"]
[WhiteElo "1850"]
[BlackElo "1851"]
[PlyCount "114"]
[EventDate "2022.07.23"]

1. d4 Nf6 2. Nf3 g6 3. g3 Bg7 4. Bg2 O-O 5. O-O d5 6. Bf4 c5 7. dxc5 Nc6 8. c3
a5 9. a4 Nh5 10. Bg5 h6 11. Be3 e5 12. Na3 Be6 13. Nb5 Qd7 14. Qd2 Kh7 15. Rad1
Rad8 16. Qc2 Bh3 17. Bxh3 Qxh3 18. Qb3 e4 19. Nh4 Ne5 20. f3 Nxg3 21. hxg3
Qxg3+ 22. Ng2 exf3 23. exf3 Nxf3+ 24. Rxf3 Qxf3 25. Rf1 Qh3 26. Bd4 f5 27. Bxg7
Kxg7 28. Nd4 f4 29. Rf3 Qd7 30. Qb5 Qe7 31. Qd3 Rde8 32. b4 axb4 33. cxb4 Qe4
34. b5 g5 35. Qc3 Kg6 36. Rf1 f3 37. Rxf3 Rxf3 38. Nxf3 d4 39. Nxd4 Rd8 40. Nc2
Rd3 41. Qh8 Rd1+ 42. Nce1 Rxe1+ 43. Nxe1 Qxe1+ 44. Kg2 Qd2+ 45. Kf1 Qc1+ 46.
Kg2 Qc2+ 47. Kf1 Qf5+ 48. Kg2 Qd5+ 49. Kf1 Qxc5 50. Qe8+ Kf6 51. Qh8+ Kf5 52.
Qxh6 Qc1+ 53. Ke2 Qc2+ 54. Ke1 Qe4+ 55. Kd2 Qd4+ 56. Ke2 Qc4+ 57. Kd2 Qd4+
1/2-1/2

[Event "Campeonato Estadual Absoluto do Rio de"]
[Site "TTC R Conde de Bomfim 451 Sal"]
[Date "2022.07.30"]
[Round "6.9"]
[White "Campos, Alexandre Ferreira"]
[Black "Okamura, Milton Kasuo"]
[Result "1-0"]
[WhiteElo "2054"]
[BlackElo "1993"]
[PlyCount "123"]
[EventDate "2022.07.23"]

1. c4 e5 2. Nc3 Nf6 3. Nf3 Nc6 4. e4 Bc5 5. Nxe5 Nxe5 6. d4 Bd6 7. dxe5 Bxe5 8.
Bd3 O-O 9. O-O h6 10. Ne2 Re8 11. Qc2 Bd6 12. c5 Bf8 13. Be3 Ng4 14. Bf4 Ne5
15. Bb5 c6 16. Ba4 Qa5 17. Rac1 d6 18. cxd6 Bxd6 19. Rfd1 Qc7 20. Bg3 Qe7 21.
h3 Bc7 22. Bb3 Bb6 23. Nf4 Qg5 24. Kh2 h5 25. Nd3 Nxd3 26. Qxd3 h4 27. Bd6 Be6
28. f4 Qg3+ 29. Qxg3 hxg3+ 30. Kxg3 Bxb3 31. axb3 Rxe4 32. Re1 Rae8 33. Rxe4
Rxe4 34. b4 Re3+ 35. Kg4 Re2 36. g3 f6 37. h4 Kf7 38. h5 Ke6 39. Rd1 Rxb2 40.
f5+ Kf7 41. Re1 Bd8 42. Rd1 Be7 43. Bc5 Bxc5 44. bxc5 Rb4+ 45. Kh3 Ke7 46. Re1+
Kf7 47. Rd1 a5 48. Rd7+ Kf8 49. g4 Rb5 50. Kh4 a4 51. Rd8+ Ke7 52. Ra8 Rxc5 53.
Rxa4 Rd5 54. h6 gxh6 55. Kh5 Kf7 56. Ra7 Rd7 57. Kxh6 c5 58. Ra8 Rc7 59. Rh8
Ke7 60. Rh7+ Kd6 61. Rxc7 Kxc7 62. g5 1-0

[Event "Campeonato Estadual Absoluto do Rio de"]
[Site "TTC R Conde de Bomfim 451 Sal"]
[Date "2022.07.30"]
[Round "6.11"]
[White "Dos Santos, Gilvan Nobrega"]
[Black "Baeta, Marcio Netto"]
[Result "1-0"]
[WhiteElo "1926"]
[BlackElo "1825"]
[PlyCount "105"]
[EventDate "2022.07.23"]

1. e4 Nf6 2. Nc3 d5 3. exd5 Nxd5 4. d4 g6 5. Nf3 Bg7 6. Nxd5 Qxd5 7. Be3 Bg4 8.
Be2 Nc6 9. O-O O-O 10. h3 Bf5 11. c4 Qd8 12. d5 Nb4 13. Nh4 Bc8 14. Qb3 a5 15.
a3 Na6 16. Nf3 Qd6 17. Nd4 Nc5 18. Qc2 c6 19. Rfd1 a4 20. dxc6 Bxd4 21. Rxd4
Qxc6 22. Bf3 Qc7 23. Rad1 Bf5 24. Qc3 Nb3 25. Rd5 Rfe8 26. Bh6 e5 27. g4 Be6
28. Rxe5 f6 29. Rxe6 Rxe6 30. Bd5 Kf7 31. Re1 Rae8 32. g5 Qf4 33. Qb4 Nd4 34.
Bxe6+ Nxe6 35. Qxb7+ Re7 36. Qd5 fxg5 37. Qe4 Qd2 38. h4 Qxb2 39. Bxg5 Re8 40.
Re3 Qa1+ 41. Kg2 Qb2 42. Qf3+ Kg7 43. Qd5 Rf8 44. Rf3 Rxf3 45. Qxf3 Nxg5 46.
hxg5 Qe5 47. Qe3 Qd6 48. c5 Qd5+ 49. f3 Qa2+ 50. Kg3 Qf7 51. Qe5+ Kg8 52. c6
Qa7 53. Qe8+ 1-0